000 00437nam a2200205Ia 4500
001 078907
003 YMCAF
005 20230512161232.0
008 100717s2001 ||||||||||||||||| ||und|d
024 _a78907
035 _a18367
040 _aYMCAF
_beng
_cIN-KoLT
041 _aeng
082 _a658.562
_bRIZ
100 _aRizvi, S A H
245 0 _aQuality control
260 _bGalgotia
_c2001
300 _a215
942 _2ddc
_cBK
999 _c8035
_d8035